Propuesta de plan de negocios para la instalación de una planta industrial productora de mezcla para elaborar buñuelos de yuca

Presenta los estudios de marketing o mercadeo, producción, organización, gestión y estudio financiero pertinentes a la elaboración de un plan de negocios para la instalación de una planta industrial productora de mezcla para elaborar buñuelos de yuca.

Bibliographic Details
Main Authors: Martínez López, Gabriel Santiago, Membreño Membreño, Carlos Francisco
Other Authors: Tutor: Fuentes Espinoza, Oscar Danilo
Format: Tesis Section = Libro
Language:Undetermined
Spanish
Published: Managua UNI 2012
Subjects:
LEADER 01221nam a2200265Ia 4500
008 240830s9999 xx 000 0 und d
040 |a BIBLIOTECA-RUPAP Mon 658.404 M385 
041 |a spa 
082 |a Mon 658.404 M385 
100 1 |a Martínez López, Gabriel Santiago 
100 1 |b Membreño Membreño, Carlos Francisco 
245 1 0 |a Propuesta de plan de negocios para la instalación de una planta industrial productora de mezcla para elaborar buñuelos de yuca 
260 |a Managua  |b UNI  |c 2012 
300 |a 131 p. :il. 
500 |a Contiene: anexos y CD. 
502 |a Tesis (Ingeniero Industrial)- UNI, 2012. 
520 3 |a Presenta los estudios de marketing o mercadeo, producción, organización, gestión y estudio financiero pertinentes a la elaboración de un plan de negocios para la instalación de una planta industrial productora de mezcla para elaborar buñuelos de yuca. 
650 7 |a ADMINISTRACION DE PROTECTOS - PLANTA INDUSTRIAL DE ALIEMENTOS 
650 7 |b MEZCLAS Y MASAS PRELABADAS - BUÑUELOS 
650 7 |c INICIACION DE EMPRESAS DE NEGOCIOS 
650 7 |d ANALISIS DE MERCADO 
700 1 |a Tutor:  |b Fuentes Espinoza, Oscar Danilo 
942 |c BK  |2 ddc 
991 |a TESIS 
999 |c 17369